|
|
|
|
| LEADER |
00890nab a2200253 i 4500 |
| 001 |
publ12895 |
| 005 |
20200228093600.0 |
| 008 |
180206s2007 hu o 0|| zxx d |
| 022 |
|
|
|a 0340-6199
|
| 024 |
7 |
|
|a 10.1007/s00431-006-0375-x
|2 doi
|
| 024 |
7 |
|
|a 1131558
|2 mtmt
|
| 040 |
|
|
|a SZTE Publicatio Repozitórium
|b hun
|
| 041 |
|
|
|a zxx
|
| 100 |
1 |
|
|a Maróti Zoltán
|
| 245 |
1 |
0 |
|a Heme oxygenase-1 expression in premature and mature neonates during the first week of life
|h [elektronikus dokumentum] /
|c Maróti Zoltán
|
| 260 |
|
|
|c 2007
|
| 300 |
|
|
|a 1033-1038
|
| 490 |
0 |
|
|a EUROPEAN JOURNAL OF PEDIATRICS
|v 166 No. 10
|
| 700 |
0 |
2 |
|a Jancsó Gáborné Katona Márta
|e aut
|
| 700 |
0 |
2 |
|a Orvos Hajnalka
|e aut
|
| 700 |
0 |
2 |
|a Németh Ilona
|e aut
|
| 700 |
0 |
2 |
|a Farkas Ildikó
|e aut
|
| 700 |
0 |
2 |
|a Túri Sándor
|e aut
|
| 856 |
4 |
0 |
|u http://publicatio.bibl.u-szeged.hu/12895/1/EurJPedia2007.pdf
|z Dokumentum-elérés
|